书目信息 |
| 题名: |
彝族
|
|
| 作者: | 杨庆文 , 张炳廷 , 普忠良 著 | |
| 分册: | ||
| 出版信息: | 北京 中国水利水电出版社 2004.07 |
|
| 页数: | 190页 | |
| 开本: | 21cm | |
| 丛书名: | 中国少数民族风情游丛书 | |
| 单 册: | ||
| 中图分类: | K892.317 | |
| 科图分类: | ||
| 主题词: | 彝族--yi zu--少数民族风俗习惯--西南地区 | |
| 电子资源: | ||
| ISBN: | 7-5084-1970-7 | |
| 000 | 00983nam 2200265 450 | |
| 001 | 012007221505 | |
| 005 | 20070927105752.93 | |
| 010 | @a7-5084-1970-7@dCNY28.00 | |
| 100 | @a20070629d2004 km y0chiy0120 ea | |
| 101 | 0 | @achi |
| 102 | @aCN@b110000 | |
| 105 | @aa z 000yy | |
| 200 | 1 | @a彝族@Ayi zu@f普忠良, 杨庆文, 张炳廷著@Fpu zhong liang,yang qing wen,zhang bing ting zhu |
| 210 | @a北京@c中国水利水电出版社@d2004.07 | |
| 215 | @a190页@c彩图@d21cm | |
| 225 | 2 | @a中国少数民族风情游丛书@Azhong guo shao shu min zu feng qing you cong shu |
| 330 | @a本书不仅全面描述了彝族的文化渊源和历史传承,还详尽介绍了其主要聚居地的风光名胜,并提供了住宿、交通、购物等最新旅游信息。 | |
| 410 | 0 | @12001 @a中国少数民族风情游丛书 |
| 606 | 0 | @a彝族@Ayi zu@x少数民族风俗习惯@y西南地区 |
| 690 | @aK892.317@v4 | |
| 701 | 0 | @a杨庆文@Ayang qing wen@4著 |
| 701 | 0 | @a张炳廷@Azhang bing ting@4著 |
| 701 | 0 | @a普忠良@Apu zhong liang@4著 |
| 801 | 0 | @aCN@c20070927 |
| 905 | @dK892.317@eP983 | |
| 彝族/普忠良, 杨庆文, 张炳廷著.-北京:中国水利水电出版社,2004.07 |
| 190页:彩图;21cm.-(中国少数民族风情游丛书) |
| ISBN 7-5084-1970-7:CNY28.00 |
| 本书不仅全面描述了彝族的文化渊源和历史传承,还详尽介绍了其主要聚居地的风光名胜,并提供了住宿、交通、购物等最新旅游信息。 |
| ● |
| 相关链接 |
|
|
|
正题名:彝族
索取号:K892.317/P983
 
预约/预借
| 序号 | 登录号 | 条形码 | 馆藏地/架位号 | 状态 | 备注 |
| 1 | 244591 | 202445915 | 社科库309/309社科库 11排2列5层/ [索取号:K892.317/P983] | 在馆 | |
| 2 | 244592 | 202445924 | 社科库309/309社科库 11排2列5层/ [索取号:K892.317/P983] | 在馆 |